00442nam a22001457a 450000500170000000800410001702000150005804100120007308200140008510000240009924500740012326000440019730000310024165000240027220231024124322.0231024b |||||||| |||| 00| 0 eng d a0702122815 aEnglish a347.1 ECK aEckard, CFlEnglish aPrinciples of Civil Procedure in the Magistrates' Courts /cCF Eckard aCape Town :bJuta & Company, Ltd,c1984 blxiii, 373 pages ;c25 cm. aLegal practicebLaw